SEC College Football Teams - Statistics

General Stats
  • This quiz has been taken 614 times
    419 since last reset
  • The average score is 15 of 16
Answer Stats
School Team Name/Colors % Correct
Alabama Crimson Tide
100%
Florida Gators
98%
LSU Tigers
98%
Arkansas Razorbacks
97%
Georgia Bulldogs
97%
Texas Longhorns
97%
Mississippi Rebels
95%
Auburn Tigers
93%
Oklahoma Sooners
93%
South Carolina Gamecocks
91%
Kentucky Wildcats
90%
Tennessee Volunteers
90%
Texas A&M Aggies
90%
Missouri Tigers
87%
Vanderbilt Commodores
86%
Mississippi State Bulldogs
83%
No matching quizzes found
Score Distribution
Percent of People with Each Score
Percentile by Number Answered
Your Score History
You have not taken this quiz since the last reset